[Event "Reunion op 17th"]
[Site "St Denis"]
[Date "2015.10.10"]
[Round "1"]
[White "Dazin, Nathan"]
[Black "Neu, Jeannot"]
[Result "0-1"]
[WhiteElo "1199"]
[BlackElo "1694"]
[PlyCount "56"]
[EventDate "2015.10.10"]
[EventType "swiss"]
[EventRounds "9"]
[EventCountry "RUF"]
[SourceTitle "CBM 168 Extra"]
[Source "ChessBase"]
[SourceDate "2015.10.29"]
[SourceVersion "1"]
[SourceVersionDate "2015.10.29"]
[SourceQuality "1"]

1. e4 c6 2. Nf3 d5 3. e5 Bf5 4. Bd3 Bxd3 5. cxd3 e6 6. 0-0 Nd7 7. d4 Qb6 8. Nc3 Nh6 9. d3 Nf5 10. Be3 Nxe3 11. fxe3 Be7 12. e4 Qxb2 13. Qd2 Qxd2 14. Nxd2 Bb4 15. Nxd5 cxd5 16. Nf3 dxe4 17. dxe4 Nb6 18. Ng5 0-0 19. Rf3 h6 20. Nh3 Rac8 21. Rb1 Bc3 22. Rc1 Bxd4+ 23. Kf1 Rxc1+ 24. Ke2 Bxe5 25. g3 Rc2+ 26. Kd3 Rxa2 27. Nf2 Rd8+ 28. Ke3 Nc4# 0-1

[Event "Reunion op 17th"]
[Site "St Denis"]
[Date "2015.10.10"]
[Round "8"]
[White "Neu, Jeannot"]
[Black "Bah, Ismael"]
[Result "1-0"]
[WhiteElo "1694"]
[BlackElo "1754"]
[PlyCount "110"]
[EventDate "2015.10.10"]
[EventType "swiss"]
[EventRounds "9"]
[EventCountry "RUF"]
[SourceTitle "CBM 168 Extra"]
[Source "ChessBase"]
[SourceDate "2015.10.29"]
[SourceVersion "1"]
[SourceVersionDate "2015.10.29"]
[SourceQuality "1"]

1. d4 d5 2. c4 e6 3. Nc3 Nf6 4. Bg5 Be7 5. e3 0-0 6. Bd3 Nbd7 7. Nf3 c6 8. Qc2 Re8 9. Rc1 Nf8 10. 0-0 Ng6 11. Rfe1 Nd7 12. Bxe7 Qxe7 13. e4 dxe4 14. Bxe4 Nf6 15. Bxg6 hxg6 16. d5 Qc7 17. Ne4 Qf4 18. dxc6 bxc6 19. c5 Nxe4 20. Rxe4 Qf6 21. Rd4 Ba6 22. Qe4 Rab8 23. b3 Bb5 24. h3 a5 25. Re1 Red8 26. Re3 Rd5 27. g3 Ba6 28. Rxd5 cxd5 29. Qd4 Rb4 30. Qe5 d4 31. Qxf6 gxf6 32. Re4 e5 33. Nd2 Rb8 34. f4 Bd3 35. Re1 exf4 36. c6 Bc2 37. Re7 Rc8 38. c7 Kf8 39. Rd7 Ke8 40. Rxd4 Rxc7 41. Rxf4 Rd7 42. Rf2 f5 43. Re2+ Kd8 44. Kf2 Kc7 45. Ke1 f6 46. Re6 Rd5 47. Rxf6 g5 48. Rf7+ Kd6 49. Rf6+ Kc5 50. Re6 Kb4 51. Rb6+ Kc3 52. Rc6+ Kb2 53. Re6 Kc3 54. Re2 Bd3 55. Nc4 Kb4 1-0

[Event "FRA-chT2 East 0607"]
[Site "France"]
[Date "2007.03.31"]
[Round "10.6"]
[White "Maechel, Herve"]
[Black "Neu, Jeannot"]
[Result "1/2-1/2"]
[WhiteElo "1960"]
[BlackElo "1780"]
[PlyCount "66"]
[EventDate "2006.10.15"]
[EventType "team"]
[EventRounds "11"]
[EventCountry "FRA"]
[SourceTitle "EXT 2008"]
[Source "ChessBase"]
[SourceDate "2007.11.25"]
[SourceVersion "1"]
[SourceVersionDate "2007.11.25"]
[SourceQuality "1"]
[WhiteTeam "Selestat"]
[BlackTeam "Sarreguemines"]
[WhiteTeamCountry "FRA"]
[BlackTeamCountry "FRA"]

1. e4 c5 2. Nf3 Nc6 3. d4 cxd4 4. Nxd4 Nf6 5. Nc3 e5 6. Ndb5 d6 7. Nd5 Nxd5 8. exd5 Nb8 9. c4 a6 10. Nc3 Be7 11. Be3 f5 12. Qb3 Nd7 13. Na4 b5 14. cxb5 f4 15. Bd2 axb5 16. Bxb5 Rb8 17. 0-0 0-0 18. Nc3 f3 19. gxf3 Bg5 20. Qd1 Bxd2 21. Qxd2 Rxf3 22. a4 Nc5 23. Ra3 Qh4 24. Kh1 e4 25. Nd1 Rxa3 26. bxa3 Bg4 27. Be2 Rb3 28. Bxg4 Qxg4 29. Ne3 Qf3+ 30. Kg1 Rb8 31. a5 Rf8 32. Qd1 Qf6 33. Qg4 Qe5 1/2-1/2